Hlavní zdroj marketingové koncepce

Rozbor zákazníckeho okruhu ako kľúčový nástroj úspešného marketingovo orientovaného podnikania. Pozorovanie zákazníka pri nákupe produktu, ktorý ho zaujíma.

Saved in:
Bibliographic Details
Main Author: Schwarz, O.
Format: Book Chapter
Language:Czech
Subjects:
Tags: Add Tag
No Tags, Be the first to tag this record!

MARC

LEADER 00000naa a2200000 4500
001 r021882
005 20230607095715.3
041 0 |a cze 
044 |a CZ 
245 1 0 |a Hlavní zdroj marketingové koncepce  |c O. Schwarz 
520 |a Rozbor zákazníckeho okruhu ako kľúčový nástroj úspešného marketingovo orientovaného podnikania. Pozorovanie zákazníka pri nákupe produktu, ktorý ho zaujíma. 
610 2 0 |a marketing 
610 2 0 |a koncepcie 
610 2 0 |a zákazníci 
610 2 0 |a správanie spotrebiteľa 
100 1 |a Schwarz, O.